Languages Spoken in USA Quiz Stats

 Plays Quiz Updated Nov 30, 2015

Also try: Dialectic Divides
Challenge
Share
Tweet
Score 0/10 Timer 05:00
0 Plays Today
% Correct
Italian
86.7%
English
84.1%
Swedish
79.2%
Dutch
73.8%
Russian
73.5%
Finnish
68.7%
Tagalog
54.7%
Cherokee
33%
Welsh
18.7%
Sinhalese
10.8%

You're not logged in!

Compare scores with friends on all Sporcle quizzes.
Join for Free
OR
Log In

You Might Also Like...

Show Comments

Extras

Top Quizzes Today


Score Distribution

Your Account Isn't Verified!

In order to create a playlist on Sporcle, you need to verify the email address you used during registration. Go to your Sporcle Settings to finish the process.

Report this User

Report this user for behavior that violates our Community Guidelines.

Details: